000 00368nam a2200145Ia 4500
008 240624s9999 xx 000 0 und d
041 _aeng
082 _a332.042 JEO
100 _aJEON BANG NAM
245 _aGLOBAL BANKING FINANCIAL MARKETS AND CRI
250 _a14
260 _c2013
_aUnited Kingdom
_bEmerald
300 _axi, 480 p.; 23 cm.
365 _cBPS
_b38
999 _c30538
_d30538